[Event "Oviedo rapid"]
[Site "Oviedo"]
[Date "1993.??.??"]
[Round "5"]
[White "Cramling, Pia"]
[Black "Smagin, Sergey"]
[Result "0-1"]
[WhiteElo "2525"]
[BlackElo "2520"]
[EventDate "1993.??.??"]

1. d4 d5 2. c4 e6 3. Nc3 Nf6 4. Nf3 Nbd7 5. cxd5 exd5 6. Bf4 c6 7. e3 Nb6 
8. Qc2 Bg4 9. Ne5 Bh5 10. Bd3 Bg6 11. O-O Be7 12. h3 Bxd3 13. Qxd3 O-O 14.
 Rab1 a5 15. b3 Nbd7 16. Na4 Nxe5 17. Bxe5 Ne4 18. f3 Nf6 19. Rbc1 Re8 20.
 Rce1 Nd7 21. Bh2 Bb4 22. Re2 Nf8 23. Rd1 Ne6 24. Kh1 Bd6 25. Bxd6 Qxd6 
26. Qd2 Qb4 27. Qc2 Re7 28. Nb2 Rae8 29. Nd3 Qb6 30. Ree1 g6 31. Qf2 Nc7 
32. Ne5 Nb5 33. Qh4 Re6 34. Ng4 Qd8 35. Qxd8 Rxd8 36. Rd3 Nd6 37. Nf2 a4 
38. b4 Rde8 39. Kg1 f5 40. g3 Nc4 41. Nd1 g5 42. f4 gxf4 43. gxf4 Kf7 44. 
Kf2 Rf6 45. Rh1 Rg8 46. Nc3 Rfg6 47. Rh2 Nd6 48. Rd1 Rg3 49. Rf1 Ke6 50. 
Ke2 Ne4 0-1

[Event "Pinsk"]
[Site "Pinsk"]
[Date "1993.??.??"]
[Round "?"]
[White "Ryskin, Alexander"]
[Black "Balashov, Yuri S"]
[Result "0-1"]
[WhiteElo "2515"]
[BlackElo "2520"]
[EventDate "1993.??.??"]

1. d4 Nf6 2. c4 e6 3. Nc3 d5 4. cxd5 exd5 5. Bg5 c6 6. e3 Bf5 7. Qf3 Bg6 
8. Bxf6 Qxf6 9. Qxf6 gxf6 10. Nf3 Be7 11. Nh4 f5 12. g3 Bxh4 13. gxh4 f4 
14. Bh3 fxe3 15. fxe3 Nd7 16. Rg1 h6 17. Kd2 Nf6 18. Raf1 Ke7 19. Rf4 Rad8
20. Ne2 Ne4+ 21. Ke1 Rd6 22. Ng3 Rf6 23. Rxf6 Nxf6 24. Kd2 Rg8 25. Rf1 
Ne4+ 26. Ke2 Nd6 27. Rf4 Bb1 28. a3 a5 29. Rf1 Bh7 30. Rf2 a4 31. Kd2 b6 
32. Rf1 c5 33. Kc3 Nb5+ 34. Kd2 cxd4 35. exd4 Nxd4 36. Bg2 Ne6 37. Kc3 
Rc8+ 38. Kb4 Rc2 39. Bxd5 Rxb2+ 40. Kc3 Rxh2 41. Rh1 Rxh1 42. Bxh1 Kd6 43.
 Kb4 f5 44. Kxa4 f4 45. Nf1 Kc5 46. Kb3 Kd4 47. Kb4 Bd3 48. Nh2 Nc7 49. 
Nf3+ Ke3 50. Ne5 Be2 0-1

[Event "YUG-chT"]
[Site "Cetinje"]
[Date "1993.??.??"]
[Round "?"]
[White "Blagojevic, Dragisa"]
[Black "Cvetkovic, Srdjan"]
[Result "1/2-1/2"]
[WhiteElo "2510"]
[BlackElo "2500"]
[EventDate "1993.??.??"]

1. d4 Nf6 2. c4 e6 3. Nf3 d5 4. Nc3 Nbd7 5. cxd5 exd5 6. Bf4 c6 7. e3 Nh5 
8. Bg5 Be7 9. Bxe7 Qxe7 10. Qc2 g6 11. Be2 Nhf6 12. O-O O-O 13. Rab1 a5 
14. Bd3 Nb6 15. Nd2 Be6 16. b3 Nc8 17. Na4 Nd7 18. Nc5 Nd6 19. a4 Nxc5 20.
 dxc5 Nf5 21. Nf3 Qf6 22. Qb2 Qxb2 23. Rxb2 Ng7 24. Nd4 Bd7 25. b4 axb4 
26. Rxb4 Bc8 27. Ra1 Ne6 28. Nb3 Re8 29. a5 Re7 30. Rb6 Rc7 31. h3 Kg7 32.
 Kf1 Bd7 33. Ke2 Re8 34. Kd2 Bc8 35. h4 h5 36. Kc3 d4+ 37. Nxd4 Nxc5 38. 
Bc2 Ne6 39. Nxe6+ Bxe6 40. e4 Ra8 41. Bd3 Rd8 42. Rb4 Rcd7 43. Bc2 Kf6 44.
 f4 Ra8 45. Rb6 Ke7 46. a6 bxa6 47. Rxc6 Rd6 48. Rxd6 Kxd6 49. Ra5 Rc8+ 
50. Kd2 Bc4 51. Bd3 Bxd3 52. Kxd3 Rc6 53. f5 Ke7 54. Ke3 Kf6 55. Kf4 gxf5 
56. Rxf5+ Kg6 57. Rg5+ Kh6 58. Ra5 Rf6+ 59. Ke3 Rb6 60. g3 f6 61. Kf4 
1/2-1/2

[Event "Zillertal op"]
[Site "Zillertal"]
[Date "1993.??.??"]
[Round "?"]
[White "Hodgson, Julian M"]
[Black "Kveinys, Aloyzas"]
[Result "1/2-1/2"]
[WhiteElo "2565"]
[BlackElo "2555"]
[EventDate "1993.06.??"]

1. d4 d5 2. c4 e6 3. Nc3 Nf6 4. cxd5 exd5 5. Bg5 Be7 6. e3 O-O 7. Bd3 Nbd7
8. Nge2 Re8 9. Qc2 Nf8 10. O-O Ng6 11. Rab1 c6 12. b4 Bd6 13. Nf4 Bxf4 14.
 exf4 h6 15. f5 Bxf5 1/2-1/2

[Event "Akureyri"]
[Site "Akureyri"]
[Date "1994.??.??"]
[Round "?"]
[White "Van Wely, Loek"]
[Black "Hjartarson, Johann"]
[Result "0-1"]
[WhiteElo "2570"]
[BlackElo "2595"]
[EventDate "1994.02.??"]

1. d4 Nf6 2. c4 e6 3. Nf3 d5 4. Nc3 Be7 5. Bg5 O-O 6. e3 Nbd7 7. cxd5 exd5
8. Qc2 c6 9. Bd3 Re8 10. O-O Nf8 11. h3 g6 12. Rab1 Ne6 13. Bh6 Ng7 14. b4
a6 15. a4 Bf5 16. Bxg7 Bxd3 17. Qxd3 Kxg7 18. b5 axb5 19. axb5 Ra3 20. Qc2
Qa5 21. Rb3 Rc8 22. Rxa3 Qxa3 23. Na4 Bd6 24. Ne1 Rc7 25. b6 Rc8 26. Nd3 
Nd7 27. Rb1 Ra8 28. Nac5 Bxc5 29. dxc5 Ra5 30. Rb3 Qa1+ 31. Kh2 Ra2 32. 
Qc3+ Qxc3 33. Rxc3 Kf6 34. Kg3 Ra4 35. Nb2 Ra5 36. Nd3 Ke7 37. Kf3 Ra4 38.
 Ke2 f6 39. Rc2 Ne5 40. Nc1 Ra3 41. Kd2 f5 42. Rc3 Nc4+ 43. Kd3 Ra5 44. 
Nb3 Ra2 45. Rc2 Ra3 46. Kc3 Na5 47. Rb2 Ke6 48. Kb4 Rxb3+ 49. Rxb3 Nxb3 
50. Kxb3 Ke5 51. Kc3 Ke4 52. Kd2 d4 0-1

[Event "Alushta2"]
[Site "Alushta"]
[Date "1994.??.??"]
[Round "7"]
[White "Moskalenko, Viktor"]
[Black "Kharitonov, Andrei Y"]
[Result "1/2-1/2"]
[WhiteElo "2535"]
[BlackElo "2535"]
[EventDate "1994.02.??"]

1. d4 d5 2. c4 e6 3. Nc3 Be7 4. cxd5 exd5 5. Bf4 c6 6. Qc2 Bd6 7. Bg3 Ne7 
8. e3 Bf5 9. Qd2 O-O 10. Nf3 Ng6 11. Be2 Re8 12. Bxd6 Qxd6 13. h4 Nd7 14. 
h5 Ne7 15. Nh4 Be6 16. g4 Nf6 17. f3 Qg3+ 18. Kd1 c5 19. Kc2 cxd4 20. exd4
Nc6 21. Rad1 a6 22. Kb1 b5 23. Bd3 Qd6 24. Ne2 Nb4 25. Nf4 Nxd3 26. Nxd3 
Nd7 27. Qf4 Qxf4 28. Nxf4 Nb6 29. Rde1 b4 30. Nhg2 a5 31. Nd3 Bd7 32. Ngf4
Bb5 33. b3 Rxe1+ 34. Rxe1 Re8 35. Rxe8+ Bxe8 36. Kc2 Kf8 37. Nc5 Bc6 38. 
Nfd3 Ke7 39. Kd2 f6 40. Nf4 Nc8 41. Nfe6 g6 42. Nf4 g5 43. Ne2 Nd6 44. Ng3
f5 45. Nd3 f4 46. Ne2 h6 47. Ne5 Bb5 48. Nc1 Nf7 49. Ncd3 Nxe5 50. Nxe5 
Ke6 51. Kc2 Kf6 52. Kb2 Ke6 53. a3 Kf6 54. a4 Be8 55. Kc2 Ke7 1/2-1/2

[Event "Belgrade"]
[Site "Belgrade"]
[Date "1994.??.??"]
[Round "1"]
[White "Mozetic, Dejan"]
[Black "Skembris, Spyridon"]
[Result "1-0"]
[WhiteElo "2550"]
[BlackElo "2525"]
[EventDate "1994.??.??"]

1. d4 Nf6 2. c4 e6 3. Nc3 d5 4. cxd5 exd5 5. Bg5 Be7 6. e3 c6 7. Bd3 Nbd7 
8. Qc2 g6 9. Nge2 Nb6 10. O-O Nh5 11. Bxe7 Qxe7 12. Qd2 O-O 13. f3 Be6 14.
 Rae1 Rad8 15. b3 Ng7 16. Nf4 Qd6 17. Kh1 Bc8 18. Bb1 Ne6 19. Nd3 Nd7 20. 
Qf2 b6 21. Rd1 Ba6 22. Rfe1 Bxd3 23. Bxd3 Kg7 24. e4 dxe4 25. Bxe4 Nf6 26.
 d5 cxd5 27. Bxd5 Qc5 28. Qb2 Kg8 29. Bxe6 fxe6 30. Rxe6 Ng4 31. Rf1 Qd4 
32. Re4 Qd3 33. Rfe1 Nf6 34. R4e2 Rc8 35. Ne4 Nxe4 36. Rxe4 Rc2 37. Qe5 
Qd2 38. Qe6+ Kg7 39. Qh3 Rf7 40. Qg3 Rc1 41. a4 h5 42. h4 Kh7 43. Kh2 Rc3 
44. Re6 Qc2 45. R1e4 Rg7 46. Re7 Rc6 47. Rxg7+ Kxg7 48. Qe5+ Kh6 49. Qh8# 
1-0

[Event "Brno-A"]
[Site "Brno"]
[Date "1994.??.??"]
[Round "2"]
[White "Hracek, Zbynek"]
[Black "Bischoff, Klaus"]
[Result "1/2-1/2"]
[WhiteElo "2530"]
[BlackElo "2525"]
[EventDate "1994.08.??"]

1. d4 Nf6 2. c4 e6 3. Nc3 d5 4. cxd5 exd5 5. Bg5 c6 6. e3 Be7 7. Bd3 a5 8.
 Nge2 Na6 9. O-O Nc7 10. Qc2 Ne6 11. Bh4 g6 12. f3 O-O 13. Kh1 b6 14. Rad1
Bb7 15. Qc1 Rc8 16. f4 Re8 17. f5 Nf8 18. Rde1 N8d7 19. fxg6 hxg6 20. Nf4 
Nf8 21. Qd1 Rc7 22. Qf3 1/2-1/2

[Event "Dijon tt"]
[Site "Dijon"]
[Date "1994.??.??"]
[Round "?"]
[White "Arkell, Keith C"]
[Black "Flear, Glenn C"]
[Result "0-1"]
[WhiteElo "2500"]
[BlackElo "2525"]
[EventDate "1994.??.??"]

1. c4 e6 2. d4 Nf6 3. Nc3 d5 4. cxd5 exd5 5. Bg5 c6 6. e3 Be7 7. Bd3 Nbd7 
8. Qc2 O-O 9. Nf3 Re8 10. O-O Nf8 11. Bxf6 Bxf6 12. b4 Bg4 13. Nd2 Be7 14.
 Rab1 Bd6 15. Bf5 Bh5 16. g3 g6 17. Bh3 Ne6 18. Bg2 Bg4 19. Rb2 Bf5 20. 
Qd1 Qe7 21. b5 Bd3 22. bxc6 bxc6 23. Ne2 Ba3 24. Nb3 Bxb2 25. Qxd3 Ba3 26.
 Na5 Rac8 27. Qa6 Rc7 28. Rb1 Rec8 29. Nc3 Bb4 30. Rb3 Nxd4 0-1

[Event "Donner mem-A"]
[Site "Amsterdam"]
[Date "1994.??.??"]
[Round "9"]
[White "Lobron, Eric"]
[Black "Jussupow, Artur"]
[Result "1-0"]
[WhiteElo "2580"]
[BlackElo "2655"]
[EventDate "1994.08.??"]

1. d4 d5 2. c4 e6 3. Nc3 Nf6 4. cxd5 exd5 5. Bg5 Be7 6. e3 Nbd7 7. Bd3 O-O
8. Nge2 Re8 9. O-O c6 10. Qc2 Nf8 11. f3 Be6 12. Rad1 N6d7 13. Bxe7 Qxe7 
14. e4 dxe4 15. fxe4 Nb6 16. e5 c5 17. Nb5 cxd4 18. Nexd4 Qh4 19. Nf3 Qh6 
20. Nd6 Re7 21. Be4 Nc4 22. Nxc4 Rc8 23. b3 b5 24. Nfd2 bxc4 25. Nxc4 Bxc4
26. bxc4 Rxe5 27. Bd5 Qe3+ 28. Kh1 Rc7 29. h3 g6 30. Qb2 Qe2 31. Qd4 Qe3 
32. Qa1 Qg5 33. Rf2 Ne6 34. Rdf1 Qe3 35. Qb2 Re7 36. Rf3 Qg5 37. Rb3 h5 
38. Rb8+ Nf8 39. Ra8 Rf5 40. Rxf8+ 1-0

[Event "EU-Cup Gr1"]
[Site "Eupen"]
[Date "1994.??.??"]
[Round "?"]
[White "Flear, Glenn C"]
[Black "Ruban, Vadim"]
[Result "1/2-1/2"]
[WhiteElo "2505"]
[BlackElo "2560"]
[EventDate "1994.??.??"]

1. d4 Nf6 2. c4 e6 3. Nc3 d5 4. cxd5 exd5 5. Bg5 c6 6. e3 Bf5 7. Qf3 Bg6 
8. Bxf6 Qxf6 9. Qxf6 gxf6 10. Nf3 Nd7 11. Be2 Nb6 12. Nd2 Bf5 13. O-O Be7 
14. Rfe1 a5 15. Rac1 O-O 16. g4 Be6 17. f4 f5 18. g5 a4 19. a3 Ra5 20. Bd3
Nc8 21. Nf3 Nd6 22. Ne5 Ne4 23. Rc2 Kg7 24. Kh1 Bd6 25. Nf3 b6 26. Bf1 c5 
27. dxc5 bxc5 28. Rd1 d4 29. Nxe4 fxe4 30. Nd2 dxe3 31. Nc4 Bxc4 32. Rxc4 
Bxf4 33. Rxe4 Bxg5 34. Rg4 h6 35. h4 f5 36. Rg1 Kf6 37. hxg5+ hxg5 38. Rd5
Ra7 39. Bd3 Ke6 40. Rxc5 g4 41. Rg3 Kd6 42. Rxf5 Rh7+ 43. Kg1 Rxf5 44. 
Bxf5 Re7 45. Bxg4 e2 46. Bxe2 Rxe2 47. Rg4 1/2-1/2

[Event "EU-Cup Gr3"]
[Site "Lubniewice"]
[Date "1994.??.??"]
[Round "3"]
[White "Krasenkow, Michal"]
[Black "Ehlvest, Jaan"]
[Result "1/2-1/2"]
[WhiteElo "2595"]
[BlackElo "2600"]
[EventDate "1994.??.??"]

1. d4 Nf6 2. c4 e6 3. Nf3 d5 4. Nc3 Nbd7 5. Bg5 c6 6. cxd5 exd5 7. e3 Be7 
8. Bd3 O-O 9. Qc2 Re8 10. O-O Nf8 11. a3 Ng6 12. b4 1/2-1/2

[Event "Elgoibar 4th"]
[Site "Elgoibar"]
[Date "1994.??.??"]
[Round "?"]
[White "Flear, Glenn C"]
[Black "Ubilava, Elizbar"]
[Result "1-0"]
[WhiteElo "2525"]
[BlackElo "2535"]
[EventDate "1994.11.??"]

1. d4 d5 2. c4 e6 3. Nc3 Be7 4. cxd5 exd5 5. Bf4 c6 6. e3 Bf5 7. g4 Be6 8.
 h3 h5 9. Qf3 Nf6 10. Bd3 hxg4 11. hxg4 Rxh1 12. Qxh1 Nxg4 13. Qh8+ Kd7 
14. Qxg7 Qb6 15. Nge2 Na6 16. Qh7 Nb4 17. Bf5 Nf6 18. Bxe6+ fxe6 19. Qb1 
Rh8 20. Ng3 Rh2 21. a3 Na6 22. Qc2 Ng4 23. Nd1 Nc7 24. Qe2 Nf6 25. Nc3 Qb3
26. Rc1 Nce8 27. Kf1 Nd6 28. Qc2 Qxc2 29. Rxc2 Nc4 30. Kg1 Rh7 31. Nce2 
Ng4 32. Nf1 e5 33. Bg3 Rg7 34. Nh2 exd4 35. exd4 Bh4 36. Nxg4 Rxg4 37. Kh2
Bxg3+ 38. fxg3 Re4 39. Kh3 a5 40. a4 Re3 41. Nc3 Rd3 42. Rf2 Rxd4 43. Rf7+
Kc8 44. g4 Ne5 45. Rg7 Rf4 46. g5 d4 47. Ne2 Rf3+ 48. Kg2 d3 49. Nc3 d2 
50. Nd1 Rf4 51. b3 Re4 52. g6 Re2+ 53. Kh3 Re1 54. Rg8+ Kc7 55. g7 Rxd1 
56. Rc8+ Kb6 1-0

[Event "Groningen"]
[Site "Groningen"]
[Date "1994.??.??"]
[Round "6"]
[White "Azmaiparashvili, Zurab"]
[Black "Beliavsky, Alexander G"]
[Result "1-0"]
[WhiteElo "2625"]
[BlackElo "2640"]
[EventDate "1994.12.??"]

1. c4 e6 2. Nc3 d5 3. d4 Nf6 4. cxd5 exd5 5. Bg5 c6 6. e3 Be7 7. Bd3 Nbd7 
8. Nge2 Nf8 9. Qc2 Ne6 10. Bh4 g6 11. f3 O-O 12. Rd1 b6 13. Bf2 Bb7 14. h4
c5 15. dxc5 Bxc5 16. Kf1 Rc8 17. Qa4 a6 18. b4 b5 19. Qb3 Bd6 20. h5 Be5 
21. hxg6 hxg6 22. Nd4 Bxd4 23. exd4 Kg7 24. Ne2 Rh8 25. Rxh8 Qxh8 26. Bg3 
Nh5 27. Be5+ f6 28. Bh2 Qh6 29. a4 Nhf4 30. Nxf4 Nxf4 31. Bxf4 Qxf4 32. 
axb5 Rh8 33. Qc2 Qg3 34. Kg1 Qh2+ 35. Kf2 Qh4+ 36. Ke2 Qh2 37. Re1 Rc8 38.
 Qd2 axb5 39. Kd1 Ra8 40. Bb1 Qd6 41. Rh1 Rg8 42. Qh6+ Kf7 43. Qh7+ Rg7 
44. Bxg6+ Kf8 45. Qh8+ Rg8 46. Qh6+ Rg7 47. Re1 1-0

[Event "Linares NL"]
[Site "Linares"]
[Date "1994.??.??"]
[Round "3"]
[White "Browne, Walter S"]
[Black "Garcia, Gildardo"]
[Result "0-1"]
[WhiteElo "2535"]
[BlackElo "2540"]
[EventDate "1994.09.??"]

1. d4 d5 2. c4 e6 3. Nc3 Nf6 4. cxd5 exd5 5. Bg5 Be7 6. e3 O-O 7. Bd3 Re8 
8. Nf3 Nbd7 9. O-O c6 10. Qc2 Nf8 11. h3 a5 12. a3 g6 13. Rab1 Ne6 14. Bh4
Ng7 15. b4 axb4 16. axb4 Ne4 17. Bxe7 Qxe7 18. Bxe4 dxe4 19. Nd2 Bf5 20. 
Rfc1 h5 21. b5 c5 22. dxc5 Qxc5 23. Qb2 Qe5 24. Nc4 Qe6 25. Ne2 g5 26. Nd4
Qg6 27. Qb4 g4 28. hxg4 Bxg4 29. Qd6 Qg5 30. Qf4 Qxf4 31. exf4 Rad8 32. 
Nb3 Ne6 33. g3 Rd3 34. Ne5 Rd5 35. Nxg4 hxg4 36. Na5 Nd4 37. Kg2 e3 38. 
fxe3 Rxe3 39. Re1 Rxe1 40. Rxe1 Rxb5 41. Nc4 Rb3 42. Re5 b5 43. Nd6 Rb2+ 
44. Kf1 b4 45. Rg5+ Kf8 46. Rd5 Nf3 47. Rb5 b3 48. Nc4 Rc2 49. Ne3 Ra2 50.
 Nc4 Nd4 51. Rd5 Ne2 52. Rd3 b2 53. Nd2 Nc1 54. Rd8+ Ke7 55. Rb8 Kd7 56. 
Ke1 Kc7 57. Rb5 Kc6 58. Rb8 Kc5 59. Kd1 Nd3 60. Rb3 Kd4 61. Rb8 Ra1+ 0-1

[Event "Memorial Day op"]
[Site "Long Beach"]
[Date "1994.??.??"]
[Round "?"]
[White "Anastasian, Ashot"]
[Black "Lputian, Smbat G"]
[Result "1/2-1/2"]
[WhiteElo "2545"]
[BlackElo "2590"]
[EventDate "1994.??.??"]

1. c4 e6 2. d4 d5 3. Nc3 c6 4. cxd5 exd5 5. Bf4 Bd6 6. Bg3 Ne7 7. e3 Nf5 
8. Bd3 Nxg3 9. hxg3 Nd7 10. Qc2 Nf6 11. Nge2 Qe7 12. Bf5 Bxf5 13. Qxf5 g6 
14. Qh3 h5 15. O-O-O Qd7 16. Qxd7+ Kxd7 17. Nf4 Rhe8 18. Nd3 Ke7 19. Kc2 
Kf8 20. Rb1 a5 21. a3 Ng4 22. Kd2 Kg7 23. Rhe1 Re7 24. Re2 Nh6 25. Ree1 
Nf5 26. Na4 f6 27. Ra1 g5 28. Nc3 Kg6 29. b3 Rh7 30. Rh1 Re7 31. Ne2 Bc7 
32. a4 Bd6 33. Rh3 Rh7 34. Rah1 Rah8 35. f3 Re7 36. g4 Nxe3 37. Rxh5 Rxh5 
38. gxh5+ Kh6 39. g4 f5 40. Ne5 f4 41. Nd3 Ng2 42. Rh2 Ne3 43. Rf2 Bb8 44.
 Nc3 Ba7 45. Nc5 Bxc5 46. dxc5 d4 47. Ne2 b6 48. cxb6 c5 49. Nc1 Re6 50. 
Nd3 c4 51. bxc4 Nxc4+ 52. Kc1 Nxb6 53. Nc5 Re1+ 54. Kd2 Re3 55. Re2 Nc4+ 
56. Ke1 d3 57. Rxe3 d2+ 58. Ke2 fxe3 59. Nd3 Kg7 60. Kd1 Kf7 61. Ke2 Kf6 
62. f4 Nb6 63. fxg5+ Kxg5 64. Nb2 Nd5 65. Kf3 Nb6 66. Kxe3 Nc4+ 67. Ke2 
Nxb2 68. Kxd2 Nxa4 69. Kd3 1/2-1/2

[Event "Moscow ol (Men)"]
[Site "Moscow"]
[Date "1994.??.??"]
[Round "4"]
[White "Ftacnik, Lubomir"]
[Black "Ivanchuk, Vassily"]
[Result "1/2-1/2"]
[WhiteElo "2570"]
[BlackElo "2695"]
[EventDate "1994.11.01"]

1. d4 Nf6 2. c4 e6 3. Nf3 d5 4. Nc3 Nbd7 5. cxd5 exd5 6. Bg5 Be7 7. e3 O-O
8. Bd3 Re8 9. O-O c6 10. Qc2 Nf8 11. Rab1 g6 12. b4 Ne6 13. Bh4 a6 14. a4 
Ng7 15. b5 axb5 16. axb5 Bf5 17. bxc6 bxc6 18. Ne5 Rc8 19. Rb7 Qd6 20. 
Rfb1 Bxd3 21. Qxd3 Nf5 22. Bxf6 Bxf6 23. f4 Qe6 24. e4 dxe4 25. Nxe4 Be7 
26. Ng3 Nd6 27. R7b6 Qd5 28. Rc1 c5 29. dxc5 Rxc5 30. Re1 Bf8 31. Qxd5 
Rxd5 32. Rbb1 Rd4 33. f5 Nxf5 34. Nxf5 gxf5 35. Nf3 Rde4 36. Kf1 Kg7 37. 
Rb5 Rxe1+ 1/2-1/2

[Event "Moscow ol (Men)"]
[Site "Moscow"]
[Date "1994.??.??"]
[Round "8"]
[White "Georgiev, Kiril"]
[Black "Piket, Jeroen"]
[Result "1-0"]
[WhiteElo "2615"]
[BlackElo "2640"]
[EventDate "1994.11.01"]

1. d4 Nf6 2. c4 e6 3. Nf3 d5 4. Nc3 Nbd7 5. cxd5 exd5 6. Bf4 c6 7. Qc2 Nb6
8. e3 Bg4 9. Ne5 Bh5 10. h3 Bg6 11. Qb3 a5 12. a3 a4 13. Qd1 Ne4 14. Be2 
Bd6 15. Nxg6 hxg6 16. Nxe4 dxe4 17. Qc2 f5 18. Bxd6 Qxd6 19. b3 Nd5 20. 
bxa4 g5 21. Bc4 g6 22. Rb1 Rh7 23. Qb3 f4 24. Bxd5 Qxd5 25. Qxd5 cxd5 26. 
Rb5 Rxa4 27. Rxd5 Rxa3 28. O-O fxe3 29. fxe3 Rxe3 30. Rxg5 Rd3 31. Rxg6 
Rxd4 32. Rg8+ Kd7 33. Rb1 Kc7 34. Re8 Rg7 35. Rb2 b5 36. Kf2 Rc4 37. Re5 
b4 38. Rb5 e3+ 39. Kxe3 Re7+ 40. Kd3 Ree4 41. Rc5+ Rxc5 42. Kxe4 Rb5 43. 
Kd4 Kd6 44. Kc4 Rg5 45. g4 Re5 46. Rb3 Re4+ 47. Kb5 Ke5 48. Kc5 Re2 49. 
Rxb4 Rh2 50. Rb3 Rc2+ 51. Kb4 Kf4 52. Rc3 Rb2+ 53. Kc4 Kg5 54. Rb3 Rc2+ 
55. Kd3 Rc5 56. Rb8 Ra5 57. Rg8+ Kh4 58. Rh8+ Kg3 59. Ke4 Rb5 60. Rh5 Rb4+
61. Ke5 Rb5+ 62. Kd6 Rb6+ 63. Kc7 Rg6 64. Kd7 Ra6 65. Rh8 Kf4 66. Ke7 Kg5 
67. Rh5+ Kg6 68. Rd5 Ra7+ 69. Ke6 Rh7 70. Rd3 Kg5 71. Rf3 Rh6+ 72. Kf7 
Rh7+ 73. Kg8 Rh6 74. Kg7 Rg6+ 75. Kf7 Kh4 76. Rf6 1-0

[Event "Moscow ol (Men)"]
[Site "Moscow"]
[Date "1994.??.??"]
[Round "14"]
[White "Dydyshko, Viacheslav"]
[Black "Kveinys, Aloyzas"]
[Result "1-0"]
[WhiteElo "2510"]
[BlackElo "2510"]
[EventDate "1994.11.01"]

1. d4 Nf6 2. c4 e6 3. Nf3 d5 4. Nc3 Be7 5. cxd5 exd5 6. Bg5 O-O 7. e3 Re8 
8. Bd3 Nbd7 9. O-O Nf8 10. Qc2 Ng6 11. Rab1 c6 12. b4 Bd6 13. b5 h6 14. 
Bxf6 Qxf6 15. e4 Nf4 16. e5 Qe6 17. Ne1 Bf8 18. Ne2 Nxd3 19. Nxd3 cxb5 20.
 Ndf4 Qg4 21. Rxb5 b6 22. h3 Qg5 23. Rb3 Bf5 24. Qc6 Be4 25. Rg3 Rec8 26. 
Qb5 Qd8 27. Nc3 Bf5 28. Ncxd5 Qh4 29. Qb3 Kh8 30. Ne3 Qxf4 31. Qxf7 Qxd4 
32. Nxf5 Qxe5 33. Nxh6 Bc5 34. Nf5 Rc6 35. Rxg7 Rh6 36. Nxh6 Qxg7 37. Qh5 
Rf8 38. Ng4+ Qh7 39. Qe5+ Qg7 40. Qh5+ 1-0

[Event "Munich SKA"]
[Site "Munich"]
[Date "1994.??.??"]
[Round "5"]
[White "Gelfand, Boris"]
[Black "Lobron, Eric"]
[Result "0-1"]
[WhiteElo "2685"]
[BlackElo "2570"]
[EventDate "1994.05.??"]

1. d4 Nf6 2. c4 e6 3. Nf3 d5 4. Nc3 Nbd7 5. cxd5 exd5 6. Bg5 Be7 7. e3 O-O
8. Bd3 Re8 9. O-O c6 10. Qc2 Nf8 11. h3 g6 12. Rab1 Ne6 13. Bh4 Ng7 14. b4
a6 15. a4 Nf5 16. Bxf6 Bxf6 17. b5 axb5 18. axb5 Nd6 19. Nd2 Nf5 20. Nf3 
Nd6 21. Rfc1 Ra5 22. Qb3 Bf5 23. Bxf5 Nxf5 24. bxc6 bxc6 25. Qb7 Qa8 26. 
Ne2 Ra6 27. Qc7 Kg7 28. g4 Nh4 29. Nxh4 Bxh4 30. Qb7 Ra2 31. Kf1 Qxb7 32. 
Rxb7 Re6 33. Rc7 Rf6 34. f4 Re6 35. Rc3 Ra1+ 36. Nc1 Bd8 37. f5 Rxe3 38. 
R7xc6 Rxc3 39. Rxc3 Bg5 0-1

[Event "New York op"]
[Site "New York"]
[Date "1994.??.??"]
[Round "3"]
[White "Yermolinsky, Alex"]
[Black "Garcia, Gildardo"]
[Result "1/2-1/2"]
[WhiteElo "2620"]
[BlackElo "2520"]
[EventDate "1994.03.30"]

1. d4 d5 2. c4 e6 3. Nc3 Nf6 4. cxd5 exd5 5. Bg5 Be7 6. e3 O-O 7. Bd3 Nbd7
8. Nf3 Re8 9. O-O c6 10. Qc2 Nf8 11. h3 g6 12. Rab1 a5 13. a3 Ne6 14. Bh6 
Ng7 15. b4 axb4 16. axb4 Bf5 17. Bxg7 Bxd3 18. Qxd3 Kxg7 19. b5 Bd6 20. 
bxc6 bxc6 21. Rfc1 Ne4 22. Qd1 f5 23. Nxe4 fxe4 24. Nd2 Qf6 25. Rb7+ Kh8 
26. Nf1 Re6 27. f4 exf3 28. Qxf3 Rf8 29. Qxf6+ Rfxf6 30. Rc2 h5 31. Rf2 
Kg8 32. Rf3 Rxf3 33. gxf3 c5 34. Kf2 cxd4 35. exd4 Be7 36. Rd7 Bh4+ 37. 
Kg1 Re2 38. Rxd5 Kf7 39. Re5 Rxe5 40. dxe5 Ke6 41. f4 g5 42. fxg5 1/2-1/2

[Event "Tilburg blitz"]
[Site "Tilburg"]
[Date "1994.??.??"]
[Round "1"]
[White "Hansen, Curt"]
[Black "Boensch, Uwe"]
[Result "0-1"]
[WhiteElo "2605"]
[BlackElo "2540"]
[EventDate "1994.09.??"]

1. c4 e6 2. Nc3 d5 3. d4 Nf6 4. cxd5 exd5 5. Bg5 c6 6. e3 Be7 7. Qc2 Nbd7 
8. Bd3 Nh5 9. Bxe7 Qxe7 10. Nge2 g6 11. O-O-O Nb6 12. Kb1 Be6 13. Ng3 Ng7 
14. Rhe1 O-O 15. f3 Rfd8 16. Nge2 Rac8 17. Na4 Nxa4 18. Qxa4 a6 19. Nf4 
Bf5 20. g4 Bxd3+ 21. Nxd3 Ne6 22. Qc2 c5 23. dxc5 Nxc5 24. Nxc5 Rxc5 25. 
Qd3 Qf6 26. Qd4 Rc6 27. f4 Qxd4 28. Rxd4 Rcd6 29. Red1 f5 30. g5 Kf7 31. 
a4 a5 32. h4 Ke6 33. h5 Kf7 34. Rh1 Kg7 35. Rd2 gxh5 36. Rxh5 Re6 37. Rdh2
Rh8 38. R2h3 Rc6 39. Rh6 Rxh6 40. Rxh6 Re8 41. Rd6 Rxe3 42. Rxd5 Kg6 43. 
Rxa5 Re4 44. b3 Rxf4 45. Rb5 Re4 46. Rxb7 f4 47. Rb8 Kxg5 48. Rg8+ Kf5 49.
 Kc2 f3 50. Kd2 Rb4 51. Kc3 Rf4 52. Rg1 f2 53. Rf1 Ke4 54. a5 Ke3 55. b4 
Ke2 56. Rh1 f1=Q 57. Rxf1 Rxf1 58. b5 h5 59. b6 Rb1 60. Kc4 h4 61. Kc5 h3 
62. a6 h2 63. a7 h1=Q 0-1

[Event "USA-ARM"]
[Site "Glendale"]
[Date "1994.??.??"]
[Round "1"]
[White "Gulko, Boris F"]
[Black "Lputian, Smbat G"]
[Result "1-0"]
[WhiteElo "2615"]
[BlackElo "2590"]
[EventDate "1994.05.??"]

1. c4 e6 2. Nc3 d5 3. d4 Be7 4. cxd5 exd5 5. Bf4 c6 6. e3 Bf5 7. g4 Be6 8.
 h4 Bxh4 9. Qb3 b6 10. Nf3 Be7 11. Ne5 Nf6 12. g5 Nfd7 13. g6 Nxe5 14. 
Bxe5 Bf6 15. Rxh7 O-O 16. Bg3 fxg6 17. Rh2 Kf7 18. O-O-O Rh8 19. Rxh8 Qxh8
20. e4 Qh5 21. Re1 Nd7 22. exd5 Bxd5 23. Nxd5 cxd5 24. Bg2 Rc8+ 25. Kb1 
Re8 26. Bxd5+ Kf8 27. Rh1 Qf5+ 28. Ka1 Ke7 29. Qa3+ Kd8 30. Qd6 Qc2 31. 
Bc6 Qf5 32. Qc7+ Ke7 33. Bd6+ 1-0

[Event "USA-ARM"]
[Site "Glendale"]
[Date "1994.??.??"]
[Round "3"]
[White "Gulko, Boris F"]
[Black "Lputian, Smbat G"]
[Result "1/2-1/2"]
[WhiteElo "2615"]
[BlackElo "2590"]
[EventDate "1994.05.??"]

1. c4 e6 2. Nc3 d5 3. d4 Be7 4. cxd5 exd5 5. Bf4 c6 6. Qc2 Bd6 7. Bg3 Ne7 
8. e3 Bf5 9. Qb3 Bxg3 10. hxg3 Qb6 11. Nf3 Nd7 12. Nh4 Qxb3 13. axb3 Be6 
14. b4 O-O 15. Bd3 a6 16. Na4 h6 17. Nc5 Nxc5 18. bxc5 a5 19. Kd2 b5 20. 
cxb6 Rfb8 21. b4 a4 22. Ra3 Nc8 23. Rha1 Nxb6 24. Nf3 f6 25. Rc1 Bd7 26. 
Rc5 Ra7 27. Ra5 Rba8 28. Rxa7 Rxa7 29. Kc1 Nc8 30. Bc2 Nb6 31. Nd2 Kf7 32.
 Nb1 Bc8 33. Rc3 Nc4 34. Bd3 Ba6 35. Bxc4 Bxc4 36. Na3 Bf1 37. Rxc6 Rb7 
38. b5 Bxb5 39. Nxb5 Rxb5 40. Rc7+ Kg6 41. Ra7 Rb4 42. Ra5 h5 43. Kc2 Rc4+
44. Kd3 Rb4 45. Ke2 Kf5 46. Kf3 Ke6 47. Ra6+ Kf5 48. Ra5 Ke6 49. Ra6+ 
1/2-1/2

[Event "USA-op"]
[Site "Chicago"]
[Date "1994.??.??"]
[Round "?"]
[White "Fedorowicz, John P"]
[Black "Orlov, Georgi"]
[Result "1/2-1/2"]
[WhiteElo "2525"]
[BlackElo "2510"]
[EventDate "1994.08.??"]

1. Nf3 Nf6 2. d4 e6 3. c4 d5 4. Nc3 Nbd7 5. cxd5 exd5 6. Bf4 c6 7. e3 Be7 
8. h3 Nf8 9. Bd3 Ng6 10. Bh2 Bd6 11. Ne5 Bxe5 12. dxe5 Nd7 13. f4 Nc5 14. 
Bc2 Qh4+ 15. Kd2 f5 16. exf6 Qxf6 17. g4 Ne7 18. Qf3 Be6 19. Raf1 Ne4+ 20.
 Ke2 Nxc3+ 21. bxc3 Qxc3 22. Rc1 Qb2 23. f5 O-O 24. Qg3 Nxf5 25. gxf5 Bxf5
26. Qe5 Qb5+ 27. Kd2 Rae8 28. Qc3 Bxc2 29. Rxc2 Rf2+ 30. Kc1 Rxc2+ 31. 
Kxc2 Qe2+ 32. Qd2 Rxe3 33. Qxe2 Rxe2+ 34. Kd3 Rxa2 35. Bd6 Kf7 36. Re1 b6 
37. Kd4 Kf6 38. Be7+ Kf5 39. Re5+ Kf4 40. Bd6 Ra4+ 41. Kd3 Kf3 42. Re3+ 
Kf2 43. Re2+ Kf3 44. Re3+ Kf2 45. Re2+ 1/2-1/2

[Event "Vladivostok"]
[Site "Vladivostok"]
[Date "1994.??.??"]
[Round "4"]
[White "Balashov, Yuri S"]
[Black "Sveshnikov, Evgeny"]
[Result "1/2-1/2"]
[WhiteElo "2505"]
[BlackElo "2585"]
[EventDate "1994.??.??"]

1. d4 d5 2. c4 e6 3. Nc3 c6 4. cxd5 exd5 5. Bf4 Bf5 6. e3 Bd6 7. Bxd6 Qxd6
8. Bd3 Bxd3 9. Qxd3 Nf6 10. Nf3 Nbd7 11. O-O O-O 1/2-1/2